<?xml version="1.0" encoding="UTF-8"?>
<record
    xmlns:xsi="http://www.w3.org/2001/XMLSchema-instance"
    xsi:schemaLocation="http://www.loc.gov/MARC21/slim http://www.loc.gov/standards/marcxml/schema/MARC21slim.xsd"
    xmlns="http://www.loc.gov/MARC21/slim">

  <leader>00880nam2a2200241   4500</leader>
  <controlfield tag="001">RU\NLR\b_ik\94671</controlfield>
  <controlfield tag="005">20250616224838.0</controlfield>
  <datafield tag="010" ind1=" " ind2=" ">
    <subfield code="a">5-8112-0211-3</subfield>
  </datafield>
  <datafield tag="010" ind1=" " ind2=" ">
    <subfield code="a">5-8112-0166-4</subfield>
    <subfield code="9">7000</subfield>
  </datafield>
  <datafield tag="035" ind1=" " ind2=" ">
    <subfield code="a">(NLR Aleph) 002168665</subfield>
  </datafield>
  <datafield tag="090" ind1=" " ind2=" ">
    <subfield code="a">2624196</subfield>
    <subfield code="c">2624196</subfield>
  </datafield>
  <datafield tag="100" ind1=" " ind2=" ">
    <subfield code="a">20030213d2002    |||y0rusy50      ca</subfield>
  </datafield>
  <datafield tag="101" ind1="0" ind2=" ">
    <subfield code="a">eng</subfield>
  </datafield>
  <datafield tag="102" ind1=" " ind2=" ">
    <subfield code="a">RU</subfield>
  </datafield>
  <datafield tag="105" ind1=" " ind2=" ">
    <subfield code="a">a   |||||||||</subfield>
  </datafield>
  <datafield tag="200" ind1="1" ind2=" ">
    <subfield code="a">The two towers</subfield>
    <subfield code="h">vol. 1</subfield>
  </datafield>
  <datafield tag="210" ind1=" " ind2=" ">
    <subfield code="d">2002</subfield>
    <subfield code="a">&#x411;. &#x43C;.</subfield>
  </datafield>
  <datafield tag="215" ind1=" " ind2=" ">
    <subfield code="a">216, [1] &#x441;.</subfield>
    <subfield code="c">&#x438;&#x43B;.</subfield>
  </datafield>
  <datafield tag="461" ind1=" " ind2="0">
    <subfield code="1">001RU\NLR\b_ik\89536</subfield>
    <subfield code="1">2001#$aThe Lord of the rings$fJ.R.R. Tolkien$g[&#x41A;&#x43E;&#x43C;&#x43C;&#x435;&#x43D;&#x442;. &#x415;.&#x412;. &#x413;&#x432;&#x43E;&#x437;&#x434;&#x43A;&#x43E;&#x432;&#x43E;&#x439;]$vB. 4$90</subfield>
    <subfield code="1">700#1$aTolkien$bJ. R.R.$4070$f1892-1973$gJohn Ronald Reuel</subfield>
    <subfield code="9">2558722</subfield>
    <subfield code="a">Tolkien, J. R.R. (1892-1973)</subfield>
    <subfield code="c">&#x41C;.</subfield>
    <subfield code="d">2002</subfield>
    <subfield code="f">J.R.R. Tolkien</subfield>
    <subfield code="n">&#x410;&#x439;&#x440;&#x438;&#x441;-&#x41F;&#x440;&#x435;&#x441;&#x441;</subfield>
    <subfield code="t">The Lord of the rings</subfield>
    <subfield code="v">B. 4$90</subfield>
  </datafield>
  <datafield tag="801" ind1=" " ind2="0">
    <subfield code="a">RU</subfield>
    <subfield code="b">NLR</subfield>
    <subfield code="c">20030213</subfield>
    <subfield code="g">PSBO</subfield>
  </datafield>
  <datafield tag="942" ind1=" " ind2=" ">
    <subfield code="c">BOOK</subfield>
  </datafield>
  <datafield tag="980" ind1=" " ind2=" ">
    <subfield code="a">NB</subfield>
  </datafield>
  <datafield tag="995" ind1=" " ind2=" ">
    <subfield code="5">2003-02-13</subfield>
    <subfield code="a">ad</subfield>
    <subfield code="b">NLR01</subfield>
    <subfield code="c">NLR01</subfield>
    <subfield code="e">IF</subfield>
    <subfield code="f">1007733</subfield>
    <subfield code="k">&#x418;&#x43A; 2002-2/33</subfield>
    <subfield code="o">0</subfield>
    <subfield code="r">BOOK</subfield>
    <subfield code="s">_2002233</subfield>
    <subfield code="u"> ;  </subfield>
  </datafield>
</record>
